000 00921cad a22001935a 4500
001 L153056
008 110531e20110530xxk 000 0 eng d
035 _a(Sirsi) u153056
041 0 _aeng
245 0 0 _aHouse prices in seaside towns more than double over the past decade
_h[electronic resource]
260 _c2010
490 _aHalifax Press Release
_v30 May 2011
520 _aHalifax Seaside Town Review 2011 tracks down house price movements in approximately 100 seaside towns. Withernsea is the most affordable and Sandbanks the most expensive. Compiled from Land Registry data.
590 _aKA
651 4 _aENGLAND AND WALES
690 _aPROPERTY-RESIDENTIAL PROPERTY-RESIDENTIAL PROPERTY MARKET
856 4 8 _uhttps://www.lloydsbankinggroup.com/media/pdfs/halifax/2011/30052011_House_Prices_in_Seaside_Towns_More_Than_Double.pdf
_zView this item free of charge at www.lloudsbankinggroup.com
942 _n0
999 _c83171
_d83171